Provinces of Armenia (Հայաստանի մարզերը) - Statistics

General Stats
  • This quiz has been taken 18 times
  • The average score is 8 of 11
Answer Stats
Answer % Correct
Ararat
91%
Lori
82%
Syunik
82%
Armavir
73%
Gegharkunik
73%
Kotayk
73%
Shirak
73%
Yerevan
73%
Aragatsotn
64%
Tavush
64%
Vayots Dzor
64%
No matching quizzes found
Score Distribution
Percent of People with Each Score
Percentile by Number Answered
Your Score History
You have not taken this quiz